000 00493cam a22001457a 4500
999 _c508864
_d508864
008 180718b-- xxu||||| |||| 00| 0 eng d
082 _aL806x54114 F/1991-92
100 _aMizoram. Comptroller and Auditor General of India
_93340
245 _aFinance accounts, Mizoram, 1991-92
260 _aShillong
_bComptroller and Auditor General of India
_c1992
300 _a143p.
500 _aLibrary has 1991/92-2006/07
650 _aFinance, Public - Auditing - India - Mizoram
_93933
942 _2ddc